000 00887nam a2200253 i 4500
001 bg
100 1 _aRYŚ, Jan.
245 1 0 _aPodstawy konstrukcji maszyn :
_bskrypt dla studentów wyższych szkół technicznych.
_nCz.1,
_pZbiór zadań /
_cJan Ryś, Zbigniew Skrzyszowski ; Politechnika Krakowska im. Tadeusza Kościuszki.
250 _aWyd. 4 popr.
260 _aKraków :
_bPK,
_c1999.
300 _a324 s. :
_brys., wykr. ;
_c24 cm.
504 _aBibliogr. przy rozdz.
650 9 _aMaszyny
_xbudowa i konstrukcje
655 _aĆwiczenia i zadania dla szkół wyższych
700 1 _aSKRZYSZOWSKI, Zbigniew.
710 0 _aPolitechnika Krakowska im. Tadeusza Kościuszki
020 _a8372420572 (cz. 1)
040 _cBPK
041 0 _apl
080 _a621.01(075.8)(076)
920 _a83-7242-057-2 (cz. 1)
942 _cKS
008 s pl f |000 0 pol
999 _c37680
_d37680
856 _uhttp://koha.tu.koszalin.pl/cgi-bin/koha/opac-detail.pl?biblionumber=37680
_yKatalog online BPK